00682cam a2200229 a 4500001000800000005001700008008004100025010001700066020001500083040001800098041000800116080001900124082002200143100000700165101000800172245004800180504003000228906004500258942001200303999001700315952012000332362343820180131050703.0740723s1975 mauc b 001 0beng  a 74014590  a0805736816 aDLCcDLCdDLC aeng a330.0924 JOH00a330.0924 JOHaB1 a52 aECO10aJohn Kenneth Galbraithc[by] John S. Gambs. aBibliography: p. 121-123. a7bcbccorignewd1eocipf19gy-gencatlg 2ddccBK c41363d41363 00102ddc40708PËKGa002b002cPËKGd2018-01-31l0o330.0924 JOHp002-2998039 r2018-01-31w2018-01-31yBK